000 00264nam a2200097Ia 4500
082 _a027.625 MOHA
245 0 _aLibrary services for children
100 _a MOHANRAJ, V M. New Delhi, 2004
_974523
942 _cBK
008 210817s9999 xx 000 0 und d
999 _c245585
_d245584